| 000 | 00368nam a2200145Ia 4500 | ||
|---|---|---|---|
| 008 | 151213s9999 xx 000 0 und d | ||
| 100 | _aJames Thomas | ||
| 245 |
_aThe Canter Burp Poets _cJames Thomas |
||
| 260 |
_aLondon _bWalter Scott |
||
| 300 | _a8392 p. | ||
| 650 | _aEnglish Literature | ||
| 650 | _aEnglish Literature | ||
| 700 | _aJames Thomas | ||
| 999 |
_c4230 _d4230 |
||